000 00309nam a22001337a 4500
008 170414b xxu||||| |||| 00| 0 eng d
020 _a9780895294296
041 _aeng
080 _a612.39
100 _a10
101 _aSHM
245 _aPRESCRIPTION FOR NUTRITIONAL HEALING
_cBALCH, J.F
942 _2udc
_cBK
999 _c10718
_d10718